000
00294nam a2200121Ia 4500
008
191201s2010 xx 000 0 und d
100
_a
Kumar,N
245
0
_a
Text book of Pharmacognosy
260
_b
AITBS Pub.
_a
New Delhi
_c
2010
300
_a
407
650
_a
Pharmacognosy
942
_2
ddc
_c
BK
_0
6
999
_c
8346
_d
8346